书目信息 |
| 题名: |
图书馆学是什么
|
|
| 作者: | 王子舟 著 | |
| 分册: | ||
| 出版信息: | 北京 北京大学出版社 2008 |
|
| 页数: | 13,373页 | |
| 开本: | 21cm | |
| 丛书名: | 《人文社会科学是什么》丛书 | |
| 单 册: | ||
| 中图分类: | G250-49 | |
| 科图分类: | ||
| 主题词: | 图书馆学--通俗读物 , 图书馆学 | |
| 电子资源: | ||
| ISBN: | 978-7-301-13463-4 | |
| 000 | 00803oam2 2200265 450 | |
| 001 | 1162157851 | |
| 005 | 20111005171639.17 | |
| 010 | @a978-7-301-13463-4@dCNY26.00 | |
| 100 | @a20080505d2008 em y0chiy50 ea | |
| 101 | 0 | @achi |
| 102 | @aCN@b110000 | |
| 105 | @aa z 000yy | |
| 200 | 1 | @a图书馆学是什么@Atu shu guan xue shi shi me@f王子舟著 |
| 210 | @a北京@c北京大学出版社@d2008 | |
| 215 | @a13,373页@c图@d21cm | |
| 225 | 2 | @a《人文社会科学是什么》丛书 |
| 312 | @a封面英文题名:What is library science? | |
| 461 | 0 | @12001 @a《人文社会科学是什么》丛书 |
| 510 | 1 | @aWhat is library science?@zeng |
| 606 | 0 | @a图书馆学@j通俗读物 |
| 606 | 0 | @a图书馆学 |
| 690 | @aG250-49@v4 | |
| 701 | 0 | @a王子舟@Awang zi zhou@f(1957~)@4著 |
| 801 | 0 | @aCN@bNLC@c20101222 |
| 905 | @a10447@dG250-49@eJY144 | |
| 图书馆学是什么/王子舟著.-北京:北京大学出版社,2008 |
| 13,373页:图;21cm.-(《人文社会科学是什么》丛书) |
| ISBN 978-7-301-13463-4:CNY26.00 |
| ● |
| 相关链接 |
|
|
|
|
正题名:图书馆学是什么
索取号:G250-49/JY144
 
预约/预借
| 序号 | 登录号 | 条形码 | 馆藏地/架位号 | 状态 | 备注 |
| 1 | 7814871 | 278148719 | 学院路分馆/ [索取号:G250-49/JY144] | 在馆 | |
| 2 | 7814872 | 278148728 | 学院路分馆/ [索取号:G250-49/JY144] | 在馆 | |
| 3 | 7814873 | 278148737 | 学院路分馆/ [索取号:G250-49/JY144] | 在馆 |